000 00320nam a22001337a 4500
008 250428b |||||||| |||| 00| 0 eng d
020 _a0871161079
050 _aP 90
_b.D55
100 _aDillon, T.Mary
245 _aMagazine Article Writing
260 _aBoston
_bThe writer, Inc.
_c1977
300 _a149p.
942 _cBK
999 _c3233
_d3233